States with the Most Farms - Statistics

General Stats
  • This quiz has been taken 12 times
  • The average score is 8 of 10
Answer Stats
# of Farms State % Correct
86,000 Iowa
100%
231,000 Texas
92%
69,000 Kentucky
83%
65,000 Minnesota
83%
71,000 Illinois
75%
87,000 Missouri
75%
70,000 Oklahoma
75%
63,000 Tennessee
75%
63,000 California
67%
76,000 Ohio
67%
No matching quizzes found
Score Distribution
Percent of People with Each Score
Percentile by Number Answered
Your Score History
You have not taken this quiz